| 000 | 00352nam a22001217a 4500 | ||
|---|---|---|---|
| 082 | _a001 | ||
| 100 |
_aPhysics Wallah _982597 |
||
| 245 | _a RRB NTPC non technical popular categories 28(2016-2022) SOLVED PAPERS CBT-1AND CBT-2 | ||
| 250 | _a1ST | ||
| 260 |
_aNew Delhi _DPhysics wallah publication _c2024 |
||
| 650 |
_aGeneral studies _9276 |
||
| 942 | _cBK | ||
| 999 |
_c67221 _d67221 |
||